Fr. Conceicao Rodrigues College of Engineering

Multimedia & Supercomputing Processors (Record no. 27696)

MARC details
000 -LEADER
fixed length control field 00290nam a2200133Ia 4500
082 ## - DEWEY DECIMAL CLASSIFICATION NUMBER
Classification number 4.35
Item number PAN
100 ## - MAIN ENTRY--PERSONAL NAME
Personal name Intel
245 ## - TITLE STATEMENT
Title Multimedia & Supercomputing Processors
260 ## - PUBLICATION, DISTRIBUTION, ETC.
Name of publisher, distributor, etc. Intel Publication
Place of publication, distribution, etc. USA
Date of publication, distribution, etc. 1992
546 ## - LANGUAGE NOTE
Language note ENGLISH
654 ## - SUBJECT ADDED ENTRY--FACETED TOPICAL TERMS
Focus term Computer
942 ## - ADDED ENTRY ELEMENTS (KOHA)
Koha item type Reference Book
Holdings
Withdrawn status Lost status Damaged status Not for loan Collection Home library Current library Shelving location Date acquired Cost, normal purchase price Total Checkouts Full call number Barcode Date last seen Cost, replacement price Price effective from Koha item type
        CRC Fr. Agnel's C.Rodrigues College of Engineering Fr. Agnel's C.Rodrigues College of Engineering   17/03/2023 700.00   4.35 PAN 5713 17/03/2023 700.00 17/03/2023 Reference Book